|
|
|
|
| LEADER |
01242nam a2200313 a 4500 |
| 001 |
7848 |
| 003 |
BD-DhAAL |
| 005 |
20151110122253.0 |
| 008 |
151110s1985 nyu 000 1 eng |
| 010 |
|
|
|a 84023373
|
| 020 |
|
|
|a 0449125092
|
| 020 |
|
|
|a 0394538994
|
| 040 |
|
|
|a DLC
|c DLC
|d DLC
|d BD-DhAAL
|
| 050 |
0 |
0 |
|a PS3563.A28
|b L6 1985
|
| 082 |
0 |
0 |
|a 813/.54
|2 19
|
| 100 |
1 |
|
|a MacDonald, John D.
|q (John Dann),
|d 1916-1986.
|9 16071
|
| 245 |
1 |
4 |
|a The lonely silver rain /
|c John D. MacDonald.
|
| 260 |
|
|
|a New York :
|b A.A. Knopf :
|b Distributed by Random House,
|b Fawcett Gold Medal,
|c c1985.
|
| 300 |
|
|
|a 277 p. ;
|c 18 cm.
|
| 490 |
1 |
|
|a The Travis McGee series
|
| 541 |
|
|
|e 7848
|
| 650 |
|
0 |
|a McGee, Travis (Fictitious character)
|x Fiction.
|9 16072
|
| 650 |
|
0 |
|a Private investigators
|z Florida
|z Fort Lauderdale
|x Fiction.
|9 16073
|
| 651 |
|
0 |
|a Fort Lauderdale (Fla.)
|v Fiction.
|9 16074
|
| 655 |
|
7 |
|a Detective and mystery stories.
|2 gsafd
|9 6854
|
| 800 |
1 |
|
|a MacDonald, John D.
|q (John Dann),
|d 1916-1986.
|t Travis McGee series.
|9 16075
|
| 942 |
|
|
|2 ddc
|c BK
|
| 999 |
|
|
|c 36097
|d 36097
|
| 952 |
|
|
|0 0
|1 0
|2 ddc
|4 0
|6 813_000000000000000__54_MAC
|7 0
|9 56719
|a SCL
|b SCL
|c GEN
|d 2015-11-10
|e Gift:
|l 9
|m 40
|o 813.54 MAC
|p 3020007848
|r 2019-09-29
|s 2019-09-24
|t 1
|w 2015-11-10
|y BK
|